000 00649nam a2200217Ia 4500
001 15915
003 GE_BSU
008 181216s||||||||xx |||||||||||||| ||und||
040 _cGE_BSU
080 _a821.353.1-1
100 _aჯანელიძე, ჯანო
245 _aკოლხური ცისარტყელა
245 _bლექსები, პოემა
260 _aთბილისი
260 _bმერანი
260 _c1975
300 _a95გვ. ; 17სმ
653 _aკოლხური ცისარტყელა
653 _aლექსები, პოემა
942 _cBK
999 _c49010
_d49010